| 000 | 00422nam a2200145Ia 4500 | ||
|---|---|---|---|
| 008 | 210210b1967 xxu||||| |||| 00| 0 eng d | ||
| 082 | _a306.74 PUNS | ||
| 100 | _aPUNEKAR (S D) and RAO (Kamala). | ||
| 245 | _aStudy of prostitutes in Bombay: with reference to family background. Rev Ed 2. | ||
| 250 | _a | ||
| 260 |
_aBombay. _bLalvani Publishing House., _c1967 |
||
| 300 | _axvi,244 | ||
| 690 | _aSexes | ||
| 906 | _a028725 | ||
| 999 |
_c79962 _d79962 |
||